00783nam a22001577a 4500008004100000020002900041050001400070110006200084245003900146260006300185300003400248505020300282650004300485650004700528650005000575110920t xxu||||| |||| 00| 0 eng d a0889971390 9780889971394 aBT205.A68 aCatholic Church. Canadian Conference of Catholic Bishops. aWe believe: God revealed in Jesus. aOttawab Canadian Conference of Catholic Bishopsc ©1986. a215 p. : ill. b ill.c28 cm. aContents: I Believe in God, the Father almighty, creator of heaven and earth -- I Believe in Jesus Christ, his only Son our Lord -- I Believe in the Holy spirit..tWe believe: God revealed in Jesus. bApostles' Creedx Study and teaching.  aCatholic Church x Catechisms xEnglish.  aBiblexStudy and teachingx Catholic Church.